| 000 | 00567nam a2200157 a 4500 | ||
|---|---|---|---|
| 005 | 20140513081056.0 | ||
| 008 | 070202s19uu xx 00 eng d | ||
| 050 |
_aVCD _bCl583 2005 |
||
| 245 |
_aClassic fairy tales : _bthe VCD that reads with me!. |
||
| 260 |
_bMagnavision, _c2005. |
||
| 440 | _aKicsFlix | ||
| 500 | _aVolume4: appropriate to ages two to and above | ||
| 520 | _a3 great stories such as The fairy ship, Cinderella, and the rooster, mouse and the red hen | ||
| 650 | _aThe fairy ship; Cinderella; The rooster, mouse & the red hen | ||
| 999 |
_c116509 _d116509 |
||